000 01016nam a2200253 i 4500
001 bg
100 1 _aŁOJEWSKI, Stanisław
245 1 0 _aOcena ekonomiczna i ekonomiczno-ekologiczna systemów technicznych i przestrzennych :
_bzagadnienia metodyczne /
_cStanisław Łojewski.
260 _aBydgoszcz :
_bWydaw. Uczelniane AT-R,
_c1997.
300 _a171 s. :
_bwykr. ;
_c24 cm.
490 1 _aSkrypty / Akademia Techniczno-Rolnicza im. Jana i Jędrzeja Śniadeckich w Bydgoszczy
504 _aBibliogr. s. 165-171.
650 9 _aAnaliza systemowa
_xstosowanie
_xgospodarka
650 9 _aInwestycje
_xbadanie
_xmetody
650 9 _aRachunek ekonomiczny
_xzagadnienia
650 9 _aTeoria systemów
_xstosowanie
_xgospodarka
655 _aPodręczniki akademickie
830 0 _aSkrypty (Akademia Techniczno-Rolnicza im. Jana i Jędrzeja Śniadeckich w Bydgoszczy)
040 _cBPK
041 0 _apol
080 _a65.011/.012:330.322:519.87](075.8)
942 _cKS
008 s pl f |000 0 pol
999 _c31498
_d31498
856 _uhttp://koha.tu.koszalin.pl/cgi-bin/koha/opac-detail.pl?biblionumber=31498
_yKatalog online BPK